[Event "SRB-chT (Women) Div1"]
[Site "Vrnjacka Banja"]
[Date "2021.09.09"]
[Round "3.4"]
[White "Milutinovic, Stefana"]
[Black "Chelushkina, Irina"]
[Result "0-1"]
[WhiteElo "2104"]
[BlackElo "2190"]
[PlyCount "60"]
[EventDate "2021.09.07"]
[EventType "tourn"]
[EventRounds "11"]
[EventCountry "SRB"]
[SourceTitle "CBM 204 Extra"]
[Source "ChessBase"]
[SourceDate "2021.11.30"]
[SourceVersion "1"]
[SourceVersionDate "2021.11.30"]
[SourceQuality "1"]
[WhiteTeam "Belgrade Rad (W)"]
[BlackTeam "Belgrade Bas (W)"]
[WhiteTeamCountry "SRB"]
[BlackTeamCountry "SRB"]

1. d4 e6 2. e4 d5 3. Nc3 Nf6 4. Bg5 dxe4 5. Nxe4 Be7 6. Bxf6 gxf6 7. Nf3 f5 8. Nc3 c6 9. Be2 Nd7 10. 0-0 h5 11. Qd2 Qc7 12. Rfe1 b6 13. Bc4 Bb7 14. Ng5 Nf8 15. d5 Rd8 16. Nxf7 Kxf7 17. dxe6+ Ke8 18. Qe2 Ng6 19. Rad1 Rxd1 20. Rxd1 Ne5 21. Bd3 Ng4 22. g3 Bc5 23. Bxf5 Bxf2+ 24. Kg2 c5+ 25. Be4 Bd4 26. Rxd4 cxd4 27. Qb5+ Kd8 28. Nd5 Ne3+ 29. Kg1 Bxd5 30. Bxd5 Rf8 0-1

[Event "Srpska Republic-chT 1st League"]
[Site "Banja Dvorovi"]
[Date "2017.08.14"]
[Round "3.2"]
[White "Milutinovic, Stefana"]
[Black "Bircakovic, Mile"]
[Result "1/2-1/2"]
[WhiteElo "2136"]
[BlackElo "2193"]
[PlyCount "99"]
[EventDate "2017.08.12"]
[EventType "team-tourn"]
[EventRounds "9"]
[EventCountry "BIH"]
[SourceTitle "EXT 2019"]
[Source "ChessBase"]
[SourceDate "2018.10.10"]
[SourceVersion "1"]
[SourceVersionDate "2018.10.10"]
[SourceQuality "1"]
[WhiteTeam "Rogatica Gorski Termag"]
[BlackTeam "Zvornik Drina"]
[WhiteTeamCountry "BIH"]
[BlackTeamCountry "BIH"]

1. d4 Nf6 2. c4 g6 3. Nc3 Bg7 4. e4 0-0 5. Nf3 d6 6. Be2 e5 7. 0-0 Nc6 8. d5 Ne7 9. Kh1 Nh5 10. Ng1 Nf4 11. Bf3 f5 12. g3 fxe4 13. Nxe4 Nh3 14. Bg2 Nxg1 15. Kxg1 h6 16. c5 Nf5 17. Bd2 a5 18. b4 b6 19. a4 Nd4 20. cxb6 cxb6 21. Rc1 Bb7 22. Be3 axb4 23. Bxd4 exd4 24. Qb3 Ra5 25. Qxb4 Bxd5 26. Nxd6 Bxg2 27. Kxg2 Qa8+ 28. Kg1 Rxa4 29. Qxb6 Ra5 30. Nc8 Qf3 31. Qxg6 Qf6 32. Qe4 Ra6 33. Rc7 Re6 34. Qb7 Kh7 35. Rd7 Re1 36. f4 Rfe8 37. Nd6 R8e7 38. Rxe1 Rxe1+ 39. Kf2 Qe6 40. Nf7 Kg8 41. Qc8+ Kh7 42. Ne5 Rxe5 43. fxe5 Qf5+ 44. Kg1 Qb1+ 45. Kf2 Qf5+ 46. Kg1 Qb1+ 47. Kg2 Qe4+ 48. Kg1 Qb1+ 49. Kg2 Qe4+ 50. Kg1 1/2-1/2

[Event "Belgrade Nedeljkovic Memorial 10th"]
[Site "Belgrade"]
[Date "2017.05.27"]
[Round "5"]
[White "Milutinovic, Stefana"]
[Black "Eric, Jovana"]
[Result "1-0"]
[WhiteElo "1812"]
[BlackElo "2145"]
[PlyCount "63"]
[EventDate "2017.05.26"]
[EventType "tourn (rapid)"]
[EventRounds "7"]
[EventCountry "SRB"]
[SourceTitle "EXT 2018"]
[Source "ChessBase"]
[SourceDate "2017.10.13"]
[SourceVersion "1"]
[SourceVersionDate "2017.10.13"]
[SourceQuality "1"]

1. d4 Nf6 2. c4 g6 3. Nc3 Bg7 4. e4 d6 5. Nf3 0-0 6. h3 e5 7. d5 a5 8. Be3 Na6 9. Nd2 Nc5 10. g4 Bd7 11. Rg1 a4 12. Qc2 Qc8 13. Be2 Kh8 14. 0-0-0 a3 15. b3 c6 16. g5 Ne8 17. h4 Nc7 18. h5 gxh5 19. Nf3 cxd5 20. Nxd5 Nxd5 21. Rxd5 Be6 22. Rxd6 b5 23. Kb1 bxc4 24. Bxc4 Nb7 25. Rd2 Na5 26. Bd5 Bxd5 27. Rxd5 Qe6 28. Qd2 Rfb8 29. Rxa5 Rxb3+ 30. Ka1 Bf8 31. Rxa8 Rb2 32. Qd5 1-0

[Event "SRB-chT (Women)"]
[Site "Kragujevac"]
[Date "2016.09.26"]
[Round "5.4"]
[White "Vujcic, Milena"]
[Black "Milutinovic, Stefana"]
[Result "1/2-1/2"]
[WhiteElo "1866"]
[BlackElo "2119"]
[PlyCount "36"]
[EventDate "2016.09.22"]
[EventType "team-tourn"]
[EventRounds "11"]
[EventCountry "SRB"]
[SourceTitle "CBM 174 Extra"]
[Source "ChessBase"]
[SourceDate "2016.10.10"]
[SourceVersion "1"]
[SourceVersionDate "2016.10.10"]
[SourceQuality "1"]
[WhiteTeam "Belgrade Radnicki (W)"]
[BlackTeam "Rad (W)"]
[WhiteTeamCountry "SRB"]
[BlackTeamCountry "SRB"]

1. e4 c5 2. Nf3 d6 3. d4 cxd4 4. Nxd4 Nf6 5. Nc3 a6 6. Bg5 e6 7. f4 h6 8. Bh4 Qb6 9. Qd2 Qxb2 10. Rb1 Qa3 11. e5 dxe5 12. fxe5 Nd5 13. Nxd5 exd5 14. e6 Be7 15. exf7+ Kxf7 16. Bxe7 Qxe7+ 17. Be2 Nd7 18. 0-0+ Nf6 1/2-1/2